| 000 | 00610nam a22002057a 4500 | ||
|---|---|---|---|
| 999 |
_c24464 _d24464 |
||
| 003 | OSt | ||
| 005 | 20210707155806.0 | ||
| 008 | 210707b ||||| |||| 00| 0 eng d | ||
| 020 | _a9788177583861 | ||
| 082 |
_a338.5 _bP44M |
||
| 100 | _aPetersen, Craig H, | ||
| 245 |
_aManagerial economics _cby Craig H. Petersen, W. Chris Lewis and Sudhir K. Jain |
||
| 260 |
_aNoida _bPearson India Education Services _c2018 |
||
| 300 | _bxv, 622p. | ||
| 690 | _aManagerial economics | ||
| 690 | _aManagerial economics--Study and teaching | ||
| 700 | _aLewis, W. Chris | ||
| 700 | _aJain, Sudhir K. | ||
| 942 |
_2ddc _cBK |
||